Statistics for ALL Rammstein, Till Lindemann and Lindemann songs - in the right order

Click here to take the quiz!

General Stats

  • This quiz has been taken 7 times
  • The average score is 92 of 142

Answer Stats

% Correct
Asche zu Asche
100%
Das alte leid
100%
Der Meister
100%
Du riechst so gut
100%
Heirate mich
100%
Herzeleid
100%
Rammstein
100%
Seemann
100%
Wollt ihr das Bett in Flammen sehen
100%
Zunge
100%
Adios
83%
Benzin
83%
Eifersucht
83%
Ein Lied
83%
Feuer und wasser
83%
Hilf mir
83%
Ich tu dir weh
83%
Küss mich (Fellfrosch)
83%
Laichzeit
83%
Liese
83%
Mann gegen Mann
83%
Mein Herz Brennt
83%
Nebel
83%
Rammlied
83%
Rosenrot
83%
Skills in Pills
83%
Spring
83%
Stirb nicht vor mir (Don't die before I do)
83%
Te quiero puta!
83%
Weisses Fleisch
83%
Wo bist du
83%
Zerstören
83%
Adieu
67%
Alles für die Kinder
67%
Alter Mann
67%
Altes Fleisch
67%
Amerika
67%
Amour
67%
Angst
67%
Armee der Tristen
67%
Ausländer
67%
Bestrafe mich
67%
Bück dich
67%
Bückstabü
67%
Dalai Lama
67%
Deutschland
67%
Diamant
67%
Dicke Titten
67%
Donaukinder
67%
Du hast
67%
Du hast kein Herz
67%
Engel
67%
Entre dos tierras
67%
Fat
67%
Feuer frei!
67%
Frühling in Paris
67%
Führe mich
67%
Giftig
67%
Haifisch
67%
Hallomann
67%
Halt
67%
Ich will
67%
Keine Lust
67%
Klavier
67%
Ladyboy
67%
Lecker
67%
Liebe ist für alle da
67%
Links 2 3 4
67%
Los
67%
Lügen
67%
Mehr
67%
Meine Tränen
67%
Mein Teil
67%
Morgenstern
67%
Moskau
67%
Mutter
67%
Nass
67%
Ohne dich
67%
OK
67%
Puppe
67%
Pussy
67%
Radio
67%
Rein raus
67%
Reise, Reise
67%
Roter sand
67%
Schwarz
67%
Schweiss
67%
Sehnsucht
67%
Selbst verliebt
67%
Sex
67%
Sonne
67%
Spiel mit mir
67%
Spieluhr
67%
Sport frei
67%
Stein um stein
67%
Tanzlehrerin
67%
Tattoo
67%
Tier
67%
Übers meer
67%
Waidmanns Heil
67%
Was ich liebe
67%
Weit weg
67%
Wiener Blut
67%
Zeig dich
67%
Zeit
67%
Zick Zack
67%
Zwitter
67%
5/4
50%
Alle Tage ist kein Sonntag
50%
Das Modell
50%
Feuerräder
50%
Fish on
50%
Frau & Mann
50%
Gib mir deine Augen
50%
Halleluja
50%
Ich hasse Kinder
50%
Kokain
50%
Mein land
50%
Stripped
50%
Vergiss uns nicht
50%
Wilder Wein
50%
Ach so gern
33%
Ach so gern - Pain Version
33%
Allesfresser
33%
Blut
33%
Children of the Sun
33%
Cowboy
33%
Golden Shower
33%
G-spot Michael
33%
Gummi
33%
Home Sweet Home
33%
Ich weiss es nicht
33%
Knebel
33%
Lubimiy gorod
33%
Mathematik
33%
Platz eins
33%
Praise Abort
33%
Schlaf ein
33%
Steh auf
33%
Yukon
33%
That's My Heart
17%
Wer weiss das schon
17%

Score Distribution

Percentile by Number Answered

Percent of People with Each Score

Your Score History

You have not taken this quiz